Ubijstvo carskoj semji sledstvije ne okončeno... : (Sokolov protiv Jurovskogo)
Guardado en:
| Autor principal: | |
|---|---|
| Formato: | Libro |
| Lenguaje: | ruso |
| Publicado: |
Moskva
Veče
2016
|
| Colección: | Mify i pravda istorii
|
| Materias: | |
| Etiquetas: |
Sin Etiquetas, Sea el primero en etiquetar este registro!
|
MARC
| LEADER | 00000nam a2200000 4500 | ||
|---|---|---|---|
| 001 | 0222840 | ||
| 005 | 20240314103537.4 | ||
| 020 | |a 978-5-4444-4957-8 | ||
| 041 | 0 | |a rus | |
| 044 | |a RU | ||
| 245 | 1 | 0 | |a Ubijstvo carskoj semji |b sledstvije ne okončeno... : (Sokolov protiv Jurovskogo) |c P. V. Muľtatuli |
| 264 | 1 | |a Moskva |b Veče |c 2016 | |
| 300 | |a 253 s. | ||
| 490 | 1 | |a Mify i pravda istorii | |
| 830 | 0 | |a Mify i pravda istorii | |
| 610 | 2 | 0 | |a dejiny |
| 610 | 2 | 0 | |a história |
| 610 | 2 | 0 | |a revolúcia |
| 610 | 2 | 0 | |a politika |
| 610 | 2 | 0 | |a Rusko |
| 100 | 1 | |a Muľtatuli, P. V. | |